Can you name the taylor swift album/era from these photos #02 - Statistics

General Stats
  • This quiz has been taken 143 times
  • The average score is 16 of 16
Answer Stats
Picture Answer % Correct
1989
100%
evermore
100%
fearless
100%
red
100%
reputation
100%
folklore
99%
lover
99%
midnights
99%
red
99%
speak now
99%
taylor swift
99%
fearless
98%
lover
98%
midnights
98%
taylor swift
97%
speak now
93%
No matching quizzes found
Score Distribution
Percent of People with Each Score
Percentile by Number Answered
Your Score History
You have not taken this quiz